000 00593nam a22001937a 4500
003 LK-CoMWRAF
005 20231218135626.0
008 231218b1995 |||||||| |||| 00| 0 eng d
040 _aLK-CoMWRAF
_dLK-CoMWRAF
_eLK-CoMWRAF
041 _aeng
082 _a305.42
_bWOM
110 _a Women Living Under Muslim Laws
245 _aAssertions of self :
_bthe nascent women's movement in Central Asia
260 _aLahore:
_bShirkat Gah,
_c1995
300 _a45 p. : ill. ; 28 cm
650 _aFeminism- Asia, Central
650 _aMuslim women Asia, Central- Social conditions
942 _cBK
999 _c4525
_d4525